Ülést tartott a III. kerületi tanács beszámolók, interpellációk

Elmentve itt :
Bibliográfiai részletek
Dokumentumtípus: Cikk
Megjelent: 1970-08-28
Sorozat:Délmagyarország 60 No. 201
Kulcsszavak:III. kerületi tanács, Kerületi tanács ülés Szeged 1970
Online Access:http://dmarchiv.bibl.u-szeged.hu/72339
LEADER 00491nab a2200145 i 4500
001 delm72339
005 20180928082554.0
008 180928s1970 hu o 0|| hun d
040 |a SZTE Délmagyarország Archívum  |b hun 
041 |a hun 
245 0 0 |a Ülést tartott a III. kerületi tanács   |h [elektronikus dokumentum] :  |b beszámolók, interpellációk 
260 |c 1970-08-28 
300 |a 5 
490 0 |a Délmagyarország  |v 60 No. 201 
695 |a III. kerületi tanács, Kerületi tanács ülés Szeged 1970